[Event "4NCL Division 2a"]
[Site "Hinckley Island ENG"]
[Date "2013.11.17"]
[Round "2.43"]
[White "Brown, Tom"]
[Black "Byway, Paul V"]
[Result "1-0"]
[WhiteElo "2086"]
[BlackElo "2127"]
[PlyCount "37"]
[EventDate "2013.11.17"]
[WhiteTeam "Rhyfelwyr Essyllwg"]
[BlackTeam "Poisoned Pawns"]

1. c4 e6 2. d4 d5 3. Nc3 c5 4. cxd5 exd5 5. Nf3 Nc6 6. g3 Nf6 7. Bg2 Be7 8. O-O
O-O 9. dxc5 Bxc5 10. Na4 Be7 11. Be3 Re8 12. Rc1 Bg4 13. Nc5 Bxc5 14. Rxc5 Qd7
15. Bg5 Qd6 16. Rb5 a6 17. Rxb7 Na5 18. Bf4 Qc5 19. b4 1-0

[Event "4NCL Division 2a"]
[Site "Hinckley Island ENG"]
[Date "2013.11.17"]
[Round "2.44"]
[White "Rosen, Daniel B"]
[Black "Bullen, Alex"]
[Result "1/2-1/2"]
[WhiteElo "2092"]
[BlackElo "1989"]
[PlyCount "73"]
[EventDate "2013.11.17"]
[WhiteTeam "Poisoned Pawns"]
[BlackTeam "Rhyfelwyr Essyllwg"]

1. e4 c5 2. Nc3 e6 3. f4 d5 4. Bb5+ Bd7 5. Bxd7+ Qxd7 6. d3 Nc6 7. Nf3 dxe4 8.
Nxe4 Be7 9. Be3 b6 10. O-O Nf6 11. Nxf6+ Bxf6 12. Rb1 Rd8 13. Qe2 O-O 14. a3
Rfe8 15. Kh1 e5 16. fxe5 Nxe5 17. Nxe5 Rxe5 18. Rf3 Rde8 19. Qd2 Qe6 20. Bg1
Re2 21. Qd1 Bh4 22. c3 f6 23. Qa4 Be1 24. h3 Qa2 25. Qc4+ Qxc4 26. dxc4 Kf7 27.
b4 cxb4 28. cxb4 Rc2 29. c5 bxc5 30. Bxc5 a6 31. Re3 Bf2 32. Rxe8 Kxe8 33. Bxf2
Rxf2 34. b5 axb5 35. Rxb5 Ra2 36. Ra5 Kf7 37. Ra7+ 1/2-1/2

[Event "4NCL Division 2a"]
[Site "Hinckley Island ENG"]
[Date "2013.11.17"]
[Round "2.45"]
[White "Kostanjsek, Luke"]
[Black "McCorry, Robert T"]
[Result "1/2-1/2"]
[WhiteElo "1971"]
[BlackElo "2067"]
[PlyCount "79"]
[EventDate "2013.11.17"]
[WhiteTeam "Rhyfelwyr Essyllwg"]
[BlackTeam "Poisoned Pawns"]

1. d4 Nf6 2. c4 e6 3. Nc3 Bb4 4. f3 d5 5. a3 Bxc3+ 6. bxc3 c5 7. cxd5 Nxd5 8.
dxc5 O-O 9. e4 Nf6 10. Qxd8 Rxd8 11. Bf4 Ne8 12. Bb5 Bd7 13. Rd1 a6 14. Ba4 Nc6
15. Ne2 Rac8 16. Kf2 Ne5 17. Bxd7 Nxd7 18. Be3 Rc7 19. Nc1 Rdc8 20. Nb3 e5 21.
Rd2 Nef6 22. g4 h6 23. h4 Nf8 24. Rhd1 Ne6 25. Rd6 g5 26. hxg5 hxg5 27. Na5 Kg7
28. c6 bxc6 29. Bb6 Re7 30. Nxc6 Rb7 31. Na5 Rbb8 32. Be3 Rxc3 33. Rxa6 Rxa3
34. Ra7 Rb2+ 35. Rd2 Rxd2+ 36. Bxd2 Ra2 37. Ke3 Nd4 38. Nc6 Rxa7 39. Nxa7 Nd7
40. Bc3 1/2-1/2

[Event "4NCL Division 2a"]
[Site "Hinckley Island ENG"]
[Date "2013.11.17"]
[Round "2.47"]
[White "Staniforth, Matthew"]
[Black "McMahon, Paul"]
[Result "1/2-1/2"]
[WhiteElo "1902"]
[BlackElo "1980"]
[PlyCount "124"]
[EventDate "2013.11.17"]
[WhiteTeam "Rhyfelwyr Essyllwg"]
[BlackTeam "Poisoned Pawns"]

1. e4 e5 2. Nf3 Nc6 3. Bc4 Nf6 4. d4 exd4 5. O-O d5 6. exd5 Nxd5 7. Nxd4 Nxd4
8. Qxd4 Be6 9. Re1 c6 10. Nc3 Nxc3 11. Qxc3 Qd7 12. Bh6 O-O-O 13. Bg5 Re8 14.
Rad1 Qc7 15. Bxe6+ fxe6 16. Qd4 Be7 17. Bf4 Bf6 18. Qb4 e5 19. Be3 b6 20. Qg4+
Kb8 21. Rd7 Qc8 22. Red1 Rd8 23. Qe6 Rxd7 24. Rxd7 Rd8 25. Qd6+ Ka8 26. Rxd8
Bxd8 27. g3 Qc7 28. Qxc7 Bxc7 29. Kg2 Kb7 30. Kf3 Kc8 31. Ke4 Kd7 32. Kf5 Ke7
33. c4 a5 34. b3 Kf7 35. a3 g6+ 36. Ke4 Ke6 37. h4 b5 38. a4 bxa4 39. bxa4 Bd6
40. Bd2 Bc7 41. c5 Bd8 42. Bc3 Be7 43. Bxa5 Bxc5 44. Bc7 Bxf2 45. Bxe5 Be1 46.
Bc7 Kd7 47. Bf4 Kc8 48. Ke5 Bc3+ 49. Ke6 Kb7 50. Kd7 c5 51. Kd6 Kb6 52. Kd5 Ka5
53. Kxc5 Kxa4 54. Kd5 Kb5 55. Bg5 Kb6 56. Kd6 Kb5 57. Ke6 Kc6 58. Bf4 Bd4 59.
g4 Bf2 60. Bg5 Be1 61. Be7 h5 62. gxh5 gxh5 1/2-1/2